[Event "Wellington Club Championship - B Grade"]
[Site "Wellington Chess Club"]
[Date "2024.11.21"]
[Round "7.1"]
[White "Sethuramalingam, Karthik"]
[Black "Chang, Luke"]
[Result "1/2-1/2"]
[WhiteElo "1871"]
[BlackElo "1930"]
[WhiteFideId "4320964"]
[BlackFideId "4325605"]
[PlyCount "0"]
[EventDate "2024.09.26"]
[SourceDate ""]

1. d4 d5 2. Nf3 { Mixing up move order } 2... e6 3. c4 a6 4. g3 (4. cxd5 exd5
5. Nc3 Nf6 6. Bg5 Be6 7. e3 Nbd7 8. Bd3) 4... dxc4 5. Bg2 b5 6. Ne5 c6 { I had
a casual game against Matthew at school which went Nxc6 and after analysing I
found that Nxc6 was not the best move as Black can quickly equalise by
neutralising the catalan bishop. The only move after Nxc6 is Qb6, and if he
knew to play a6 b5, then he would probably know to play Qb6 as well. } 7. b3 {
Common plan to break up the pawn chain. I remembered seeing something like this
after analysing the game with Matthew. Although castling a4 and the b3 is
better }  (7. Nxc6 Qb6 $1 (7... Qc7 8. Bf4 Bd6 9. Bxd6 Qxd6 10. Ne7 $1 (10. Ne5
Ra7 11. a4) 10... Nxe7 11. Bxa8 Nbc6 12. O-O O-O 13. a4) 8. Nxb8 Rxb8 9. O-O
Bb7 10. e4)  (7. O-O Bb7 8. a4 Nf6 9. b3) 7... cxb3 (7... Bb4+ 8. Bd2 Qxd4 9.
Bxb4 Qxa1 10. Nxc6 $1 Bd7 11. Na5 Ra7 12. Qd6 Qxb1+ 13. Kd2 Qb2+ 14. Ke3) 8.
axb3 (8. Qxb3 Qxd4 9. Nxc6 Qxa1 10. O-O) 8... Bb7 (8... Bb4+ 9. Bd2 Qxd4 10.
Nxc6 $1) 9. O-O Nf6 (9... f6 10. e4 (10. Nd3 Qxd4 11. Nc3 Qd7 12. Ne4) 10...
fxe5 11. Qh5+ g6 12. Qxe5 Nf6 13. Bg5 Be7 14. Qxe6) 10. Qc2 { I had to
calculate Qxd4 } 10... Qc7 $6 { Inaccuracy. Qxd4 was best. }  (10... Qxd4 11.
Nxc6 Qxa1 (11... Nxc6 12. Bxc6+)  (11... Bxc6 12. Bxc6+)  (11... Qc5 12. Qxc5
Bxc5 13. Nxb8 Rxb8 14. Bxb7 Rxb7 15. Rxa6 O-O 16. Rc6) 12. Rd1 Be7 13. Nxe7 (
13. Nxb8 Rxb8 14. Bf4 Rc8) 13... Bxg2 14. Kxg2) 11. Bf4 (11. Bd2) 11... Bd6 $1
(11... Nh5 12. Bd2 Nf6 13. Ba5) 12. e4 $2 { I didn't know what to do here and I
was concerned about how much time I had already used on this move. }  (12. Nd2
O-O 13. Ne4 Nxe4 14. Qxe4) 12... O-O 13. Rc1 Rc8 14. Nd2 c5 15. Nd3 Bxf4 16.
gxf4 (16. Nxf4 e5 17. dxe5 Qxe5 18. Nd3) 16... Nbd7 17. dxc5 (17. Nxc5 Nxc5 18.
dxc5 Qxf4)  (17. Bf3) 17... Nh5 18. Nb4 $4 { Blunder. c6 was best.   We both
just missed Qxc5 }  (18. c6 Qxc6 19. Qxc6 Bxc6 20. b4 Bb7 21. Nb3 Rxc1+ 22.
Rxc1 Rc8 23. Rd1 Kf8 24. Bf3 Nhf6 25. Ndc5) 18... a5 $2 { Mistake. Qxc5 was
best. }  (18... Qxc5 19. Qxc5 Nxc5 20. e5 Bxg2 21. Kxg2 Nxf4+ 22. Kf3 Ng6 23.
Nxa6 Nd3 24. Rxc8+)  (18... Nxc5 19. Nd3 Nxf4 20. Nxc5 Ne2+ 21. Kf1) 19. c6
axb4 $4 { Blunder. Nxf4 was best. }  (19... Nxf4 20. cxb7 Qxb7 21. Nc6 Ne2+ 22.
Kf1 Nxc1 23. Rxc1 Kh8 $1) 20. Rxa8 Rxa8 21. cxb7 Qxb7 22. e5 Qb8 23. Bxa8 Qxa8
24. Qc8+ Qxc8 25. Rxc8+ Nf8 26. Ne4 f5 27. Ng5 $2 { Mistake. exf6 was best.   I
wanted to trade off the pieces so less things to go wrong. I also would not be
too disappointed with a draw because I have little time }  (27. exf6 gxf6 28.
f5 Nf4 29. Rc7 Nd5 30. Rb7 exf5 31. Rxb5 fxe4 32. Rxd5 Kf7) 27... Nxf4 28. Nxh7
Kxh7 29. Rxf8 Ne2+ { I missed this move }  (29... Nd3 30. Rb8 Nxe5 31. Rxb5 Nd3
32. Kf1) 30. Kf1 (30. Kg2) 30... Nd4 31. Rb8 f4 32. Ke1 $6 { Inaccuracy. Rf8
was best.   I didn't know what to do }  (32. Rf8 g5) 32... Kg6 33. Kd2 $6 {
Inaccuracy. Rf8 was best. }  (33. Rf8 Kg5 34. Rf7 g6 35. Rf6 Nxb3 36. Rxe6) 
33... Nxb3+ 34. Kd3 Kf5 35. Rxb5 Nc1+ 36. Kc2 Ne2 37. Rxb4 Kxe5 38. h4 Kf5 39.
Rb5+ e5 40. Kd3 Nd4 41. Rb7 1/2-1/2

[Event "Wellington Club Championship - B Grade"]
[Site "Wellington Chess Club"]
[Date "2024.11.21"]
[Round "7.2"]
[White "Benitez, Edgar"]
[Black "Ulm, Joy"]
[Result "1-0"]
[WhiteElo "1862"]
[BlackElo "1890"]
[WhiteFideId "4301315"]
[BlackFideId "4321081"]
[PlyCount "0"]
[EventDate "2024.09.26"]
[SourceDate ""]

1. e4 e5 2. Bc4 Nf6 3. d3 Bc5 4. Nc3 d6 5. f4 Ng4 6. f5 Bf2+ 7. Kf1 Ne3+ 8.
Bxe3 Bxe3 9. Nd5 Bc5 10. Qh5 c6 11. Nc3 g6 12. fxg6 fxg6 13. Qh6 Qf6+ 14. Nf3
Bg4 15. Ke2 Nd7 16. Raf1 O-O-O 17. h3 Bxf3+ 18. Rxf3 Qe7 19. Rf7 Qe8 20. Rhf1
Nb6 21. Bb3 d5 22. Qg7 Rd7 23. Rxd7 Nxd7 24. exd5 cxd5 25. Ba4 Rf8 26. Bxd7+
Qxd7 27. Rxf8+ Bxf8 28. Qxf8+ Kc7 29. Qc5+ Kb8 30. Qxd5 Qxd5 31. Nxd5 Kc8 32.
Ke3 Kd7 33. Nf6+ 1-0

[Event "Wellington Club Championship - B Grade"]
[Site "Wellington Chess Club"]
[Date "2024.11.21"]
[Round "7.3"]
[White "Malcolm, Aidan"]
[Black "Tanoi, T Edward"]
[Result "0-1"]
[WhiteElo "1859"]
[BlackElo "1917"]

1. d4 Nf6 2. c4 e6 3. Nc3 c5 4. d5 exd5 5. cxd5 d6 6. e4 g6 7. Bd3 a6 8. a4 Bg7
9. h3 O-O 10. Bg5 Nbd7 11. Nf3 Qc7 12. O-O Re8 13. Re1 c4 14. Bf1 Rb8 15. Rc1
b5 16. axb5 axb5 17. Nd4 Ba6 18. b4 Nh5 19. g4 Nhf6 20. Ra1 Rb6 21. Ra5 h5 22.
f3 hxg4 23. hxg4 Nh7 24. Be3 Ne5 25. f4 Nd3 26. Bxd3 cxd3 27. Qxd3 Qd7 28. g5
Bc8 29. Qf1 Ra6 30. Rea1 Rxa5 31. Rxa5 Bxd4 32. Bxd4 Qg4+ 33. Qg2 Qxf4 34. Ra1
Nxg5 35. Rf1 Qh4 36. Qh2 Bh3 37. Qf4 Qh5 38. Rf2 Bg4 39. Rh2 Nf3+ 40. Kg2 Qxh2+
41. Qxh2 Nxh2 42. Kxh2 Bd7 43. Kg3 Rc8 44. Kf4 Rc4 45. Ne2 Rxb4 46. Kg5 Rc4 47.
Kf6 Bg4 0-1

[Event "Wellington Club Championship - B Grade"]
[Site "Wellington Chess Club"]
[Date "2024.11.21"]
[Round "7.4"]
[White "Keith, Matthew"]
[Black "Jackson, L Ross"]
[Result "1/2-1/2"]
[WhiteElo "1830"]
[BlackElo "1942"]
[WhiteFideId "4320913"]
[BlackFideId "4301501"]
[PlyCount "0"]
[EventDate "2024.09.26"]
[SourceDate ""]

1. e4 c5 2. Nf3 d6 3. d4 cxd4 4. Nxd4 Nf6 5. Nc3 a6 6. Be3 e6 7. g4 b5 8. g5
Nfd7 9. h4 Bb7 10. Bg2 Nc5 11. b4 Ncd7 12. h5 Ne5 13. f4 Nc4 14. Bf2 Nc6 15.
Nxc6 Bxc6 16. O-O Be7 17. Qg4 Qc7 18. g6 hxg6 19. hxg6 Bf6 20. gxf7+ Kxf7 21.
e5 dxe5 22. Ne4 exf4 23. Rae1 e5 24. Qf5 Rh6 25. Ng5+ Ke8 26. Qe6+ Be7 27. Qf7+
Kd7 28. Bc5 Bxg2 29. Qxe7+ Kc6 30. Qxc7+ Kxc7 31. Kxg2 Rg6 32. Kf2 Rxg5 33. Rg1
Rxg1 34. Rxg1 Kc6 35. Rxg7 Kd5 36. Kf3 Nd2+ 37. Ke2 Ne4 38. Bb6 Ng3+ 39. Kf3
e4+ 40. Kg4 Ne2 41. Rc7 Rg8+ 42. Kf5 Ng3+ 43. Kxf4 Nh5+ 44. Ke3 Rg3+ 45. Kf2
Rf3+ 46. Ke2 Nf4+ 47. Kd2 Ng2 48. Rc5+ Ke6 49. Rc3 Rxc3 {=} 1/2-1/2

[Event "Wellington Club Championship - B Grade"]
[Site "Wellington Chess Club"]
[Date "2024.11.21"]
[Round "7.5"]
[White "Aldridge, Alan L"]
[Black "Winsley, Daniel"]
[Result "1-0"]
[WhiteElo "1822"]
[BlackElo "1781"]
[WhiteFideId "4301528"]
[BlackFideId "4315138"]
[PlyCount "0"]
[EventDate "2024.09.26"]
[SourceDate ""]

1. e4 e6 2. d4 d5 3. exd5 exd5 4. Nf3 Bd6 5. Bd3 Qe7+ 6. Qe2 Qxe2+ 7. Bxe2 Bf5
8. c3 h6 9. O-O Nf6 10. Bb5+ c6 11. Re1+ Ne4 12. Bd3 O-O 13. Bxe4 Bxe4 14. Nbd2
Bf5 15. Nf1 Nd7 16. Ng3 Bh7 17. Bd2 Rfe8 18. Nh4 Nf6 19. Nhf5 Bf8 20. f3 a5 21.
Re5 Nd7 22. Rxe8 Rxe8 23. Kf2 Nb6 24. b3 a4 25. Bf4 a3 26. Bc7 Nc8 27. Bf4 f6
28. Rd1 b5 29. Bc7 g6 30. Ne3 Nd6 31. Nc2 Nb7 32. Ne2 g5 33. Nb4 h5 34. h3 Bg6
35. Nc1 Rc8 36. Bb6 Bd6 37. Ncd3 h4 38. Rd2 Kf7 39. Nc5 Nxc5 40. Bxc5 Bxc5 41.
dxc5 Bf5 42. Re2 Bd7 43. Ke3 Re8+ 44. Kd2 Rxe2+ 45. Kxe2 Ke6 46. Ke3 Ke5 47.
Nc2 f5 48. Nxa3 f4+ 49. Kd2 Bf5 50. Nc2 Bxc2 51. Kxc2 d4 52. a4 Kd5 53. axb5
dxc3 54. b6 1-0

[Event "Wellington Club Championship - B Grade"]
[Site "Wellington Chess Club"]
[Date "2024.12.05"]
[Round "8.1"]
[White "Chang, Luke"]
[Black "Winsley, Daniel"]
[Result "1-0"]
[WhiteElo "1930"]
[BlackElo "1781"]
[WhiteFideId "4325605"]
[BlackFideId "4315138"]
[PlyCount "0"]
[EventDate "2024.09.26"]
[SourceDate ""]

1. d4 d5 2. c4 e6 3. Nc3 Nf6 4. cxd5 exd5 5. Bg5 Be7 6. e3 b6 7. Nf3 Bb7 8. Bd3
h6 9. Bh4 Ne4 10. Bxe7 Qxe7 11. O-O O-O 12. Qc2 Nd7 13. Rae1 Rfe8 14. Nd2 Ndf6
15. f3 Nxc3 16. bxc3 c5 17. Qb2 Rad8 18. Kh1 Qd6 19. dxc5 Qxc5 20. Nb3 Qc7 21.
Rf2 Nd7 22. Nd4 Nc5 23. Qd2 a6 24. Bb1 g6 25. Rfe2 Kh7 26. g4 Na4 27. Rc1 Qe7
28. Bc2 Nc5 29. Kg2 Qh4 30. Qe1 Qxe1 31. Rexe1 Ne6 32. Bd3 Rc8 33. Kf2 Kg7 34.
Ke2 Nxd4+ 35. cxd4 Rxc1 36. Rxc1 Rc8 37. Rxc8 Bxc8 38. h4 f5 39. gxf5 gxf5 40.
e4 fxe4 41. fxe4 dxe4 42. Bxe4 Kf6 43. Kd3 Bd7 44. Kc4 Ke6 45. Bb7 Bb5+ 46. Kb4
Kf5 47. a4 Bd7 48. d5 Kg4 49. Bxa6 Kxh4 50. Bb5 Bc8 51. d6 1-0

[Event "Wellington Club Championship - B Grade"]
[Site "Wellington Chess Club"]
[Date "2024.12.05"]
[Round "8.2"]
[White "Jackson, L Ross"]
[Black "Aldridge, Alan L"]
[Result "1/2-1/2"]
[WhiteElo "1942"]
[BlackElo "1822"]

1. d4 Nf6 2. c4 e6 3. Nf3 b6 4. Nc3 Bb7 5. e3 Bb4 6. Nd2 O-O 7. a3 Bxc3 8. bxc3
d5 9. cxd5 exd5 10. Be2 Nbd7 11. O-O c5 12. Bd3 Re8 13. Re1 Ne4 14. Nb1 Rc8 15.
Ra2 Ndf6 16. f3 Nd6 17. Rae2 cxd4 18. exd4 Rxe2 19. Rxe2 h6 20. Qe1 Qf8 21. Qg3
Kh8 22. Qh4 Nh7 23. Qe1 1/2-1/2

[Event "Wellington Club Championship - B Grade"]
[Site "Wellington Chess Club"]
[Date "2024.12.05"]
[Round "8.3"]
[White "Tanoi, T Edward"]
[Black "Keith, Matthew"]
[Result "1-0"]
[WhiteElo "1917"]
[BlackElo "1830"]

1. e4 c5 2. Nf3 d6 3. d4 cxd4 4. Nxd4 Nf6 5. Nc3 a6 6. Qe2 {Ah! the infamous
Tanoi  Attack. That scurrilous underground revolutionary and favourite weapon
of choice  against the unsuspecting at the Auckland Chess Centre 20 years ago
resurfaces here  to haunt a new generation.} 6... e5 7. Nf5 Bxf5 8. exf5 Nc6 9.
Be3 Be7 10. g4 h6 11. Bg2 d5 12. O-O-O ( {Here, I briefly considered} 12. Nxd5
Nxd5 13. O-O-O Ncb4 14. Bxd5 Nxd5 15. Qf3 Qa5 16. Qxd5 Qxd5 17. Rxd5 {but
considered the material gain was not  enough after the mass of exchanges.} ) 
12... d4 13. g5 hxg5 14. Bxg5 Qa5 15. Bxf6 Bxf6 16. Bxc6+ bxc6 17. Rxd4 Qb6 18.
Rd6 Rb8 19. b3 Qc7 20. Rxf6 $5 {Played after a 20  minute think and even then I
wasn't sure if this was sound}  (20. Ne4 {was the obvious  move but after} 
20... Be7 21. Rd3 Ba3+ 22. Kb1 {I wasn't sure if my king was safe with  such a
bishop amongst all the loose dark squares nearby.} ) 20... gxf6 21. Ne4 Ke7 22.
Qxa6 Qb6 ( {If} 22... Ra8 {I had planned} 23. Qc4 Rxa2 24. Qc5+ Kd8 25. Rd1+
{with  a strong initiative} ) 23. Qe2 Ra8 24. a4 Qb4 25. Qe3 {Played after
another 20 minute  think} 25... Qa3+ 26. Kd2 (26. Kb1 $4 Rxa4 27. bxa4 Rb8+) 
26... Rad8+ 27. Ke2 Rd4 28. f4 $6 ( {I thought} 28. Rd1 {was objectively
White's best move, but I didn't want to trade  off my remaining rook in this
position.} ) 28... Rh4 $4 (28... Qb2 $1 {was the move I  feared but somehow,
even after a long think and with only 7 minutes on my clock  versus my
opponent's hour I sensed he wouldn't play it.} 29. Rc1 Rh3 $1 {White is 
losing. For example} 30. Ng3 Rxh2+ 31. Ke1 Rxc2 32. Rxc2 Qxc2 33. Ne2 Re4 34.
Qd2 Qxb3) 29. Nxf6 $1 {This must've come as a nasty surprise to my young
opponent.} 29... Rhxf4 (29... Kxf6 30. Qxe5#)  (29... Kd8 {would have avoided
what happened in the  game} ) 30. Qxe5+ Kd8 31. Rg1 $1 {Another surprise. My
favourite move of the game  and bringing my final undeveloped piece into play
to seal Black's fate.}  ( {Perhaps  Black was expecting a draw by repetition
via} 31. Qb8+ Ke7 32. Qe5+ Kd8 {etc.} ) 31... Kc8 32. Rg8+ Kb7 33. Rb8+ Ka6 34.
Ra8+ Kb6 35. Qa5+ 1-0

[Event "Wellington Club Championship - B Grade"]
[Site "Wellington Chess Club"]
[Date "2024.12.05"]
[Round "8.4"]
[White "Ulm, Joy"]
[Black "Malcolm, Aidan"]
[Result "1-0"]
[WhiteElo "1890"]
[BlackElo "1859"]

1. d4 Nf6 2. c4 a6 3. Nc3 c5 4. d5 b5 5. cxb5 axb5 6. Nxb5 e6 7. dxe6 fxe6 8.
e3 Ba6 9. a4 d5 10. Nf3 Nc6 11. Be2 Be7 12. O-O O-O 13. b3 Bd6 14. Bb2 e5 15.
Rc1 e4 16. Bxf6 Rxf6 17. Qxd5+ Kh8 18. Qxe4 Bb7 19. Qb1 Bb8 20. h3 Rg6 21. Rxc5
Ra6 22. Rd1 Qe8 23. Qd3 Bc8 24. h4 Bh3 25. Rg5 Bg4 26. Rxg6 hxg6 27. Nbd4 Nb4
28. Qb5 Qf8 29. Qg5 Bc8 30. Bxa6 Nxa6 31. Qxg6 Bb7 32. Ne6 Qxf3 33. Rd8+ 1-0

[Event "Wellington Club Championship - B Grade"]
[Site "Wellington Chess Club"]
[Date "2024.12.05"]
[Round "8.5"]
[White "Sethuramalingam, Karthik"]
[Black "Benitez, Edgar"]
[Result "0-1"]
[WhiteElo "1871"]
[BlackElo "1862"]
[WhiteFideId "4320964"]
[BlackFideId "4301315"]
[PlyCount "0"]
[EventDate "2024.09.26"]
[SourceDate ""]

1. d4 d5 2. c4 e6 3. Nf3 Nf6 4. g3 Be7 5. Bg2 O-O 6. O-O b6 7. Qc2 Bb7 8. Rd1
Nbd7 9. cxd5 { Take advantage of the slightly backwards c-pawn } 9... exd5 10.
Nc3 a6 11. h4 (11. Ne5 c5 { I was worried about this. } 12. Nxd7 Qxd7 13. dxc5
bxc5 14. Na4 { I don't know why this is good; maybe because of the hanging pawn
structure? } ) 11... b5 12. Ng5 h6 13. Nh3 (13. Nxd5 Bxd5 14. Bxd5 hxg5 15.
Bxa8 Qxa8 16. Bxg5 (16. hxg5 Ne4 17. Qxc7 { I didn't think this was good and I
also thought I could just play the position slowly. } ) ) 13... Nb6 14. Bf4 Re8
15. a3 Rc8 16. Be5 { Getting rid of this bad bishop} 16... Nc4 $6 { Inaccuracy.
Ng4 was best. }  (16... Ng4 17. Nf4) 17. Nf4 c6 18. Bxf6 Bxf6 19. e4 g5 20.
hxg5 hxg5 21. Nfe2 Rc7 22. b3 Nxa3 23. Rxa3 b4 24. Ra4 (24. Ra5 bxc3 25. e5 Bg7
26. Rc5 f6 27. exf6 Bxf6 28. Bxd5+ cxd5 29. Rxc7 Qxc7 30. Qg6+ { The rook is
now hanging.} ) 24... bxc3 25. e5 Bg7 { To stop c5} 26. b4 (26. Nxc3 f6 27.
exf6 Bxf6 28. Qg6+ { The rook is defended.} ) 26... f6 27. exf6 Qxf6 28. Nxc3
$6 { Inaccuracy. Nc1 was best. }  (28. Nc1) 28... Rce7 29. Raa1 Bc8 $6 {
Inaccuracy. g4 was best. }  (29... g4 30. Qd3 Bf8 31. Ra2 Bc8 32. Ne2 Bh6 33.
Rf1 Bg5 34. Nc3 Kg7 35. Re2) 30. f3 $4 { Blunder. Bxd5+ was best. }  (30. Bxd5+
cxd5 31. Nxd5 Qf8 32. Nxe7+ Rxe7 33. Re1 Bb7 34. Rxe7 Qxe7 35. Qg6 Qe2 { Missed
this resource. } ) 30... Qd6 31. Kf2 Qxb4 32. Ra4 Qb6 33. Rd2 Qd8 34. Ne2 Qd6
35. Ra1 $2 { Mistake. Ng1 was best. }  (35. Ng1 a5) 35... Re3 $6 { Inaccuracy.
Rxe2+ was best. }  (35... Rxe2+ 36. Rxe2 Bxd4+ 37. Kf1 Rxe2 38. Qxe2 Bxa1 39.
Qe8+ Qf8 40. Qg6+ Bg7 41. Qxc6) 36. Rc1 Bd7 37. Qa2 $6 { Inaccuracy. Rb1 was
best. }  (37. Rb1 a5 38. g4 Qf6 39. Kg1 a4 40. Ng3 Bxg4 41. Ne4 dxe4 42. fxe4
a3) 37... Qe7 38. Qxa6 $2 { Mistake. Kf1 was best. }  (38. Kf1 a5 39. g4 Bxd4
40. Rxd4 Rxe2 41. Qb1 Kf8 42. Rd3 Qe5 43. f4 gxf4) 38... Ra3 39. Qb6 $2 {
Checkmate is now unavoidable. Qxa3 was best. }  (39. Qxa3 Qxa3 40. Rcd1 Qe3+
41. Kf1 Bc8 42. Rd3 Qxe2+ 43. Kg1 Bxd4+ 44. Rxd4 Qe3+) 39... Qe3+ 40. Ke1 $6 {
Checkmate is now unavoidable. Kf1 was best. }  (40. Kf1 Qxd2 41. Re1 Ra2 42. f4
Qd3 43. Qb5 Qxb5 44. Bf3 Bxd4 45. g4 Qd3) 40... Qg1+ 41. Bf1 Rxf3 42. Kd1 Rxf1+
$2 { Lost forced checkmate sequence. Bf5 was best. }  (42... Bf5 43. Rd3 Qxf1+
44. Kc2 Qxe2+ 45. Kb1 Qxd3+ 46. Rc2 Qxc2+ 47. Ka1 Ra3#) 43. Kc2 Rxc1+ 44. Nxc1
Qxg3 45. Qb7 $4 { Checkmate is now unavoidable. Rd3 was best. }  (45. Rd3 Qf4
46. Nb3 Bf5 47. Kc3 g4 48. Kb2 Bxd3 49. Qxc6) 45... Bf5+ 46. Nd3 Bxd4 47. Qb4
$6 { Checkmate is now unavoidable. Qb3 was best. }  (47. Qb3 Rb8 48. Qa2 Qe3
49. Kd1 Bxd3 50. Rh2 Qg1+ 51. Kd2 Qxh2+ 52. Kxd3 Qxa2) 47... c5 48. Qb7 Be4 $6
{ Lost forced checkmate sequence. Bxd3+ was best. }  (48... Bxd3+ 49. Kb3 Bc4+
50. Kc2 Qc3+ 51. Kd1 Re1+ 52. Kxe1 Qc1+ 53. Rd1 Qe3#) 49. Qd7 $6 { Checkmate is
now unavoidable. Qc7 was best. }  (49. Qc7 Qxc7) 49... Rb8 50. Qe6+ Kf8 51.
Qh6+ Ke7 0-1

[Event "Wellington Club Championship - B Grade"]
[Site "Wellington Chess Club"]
[Date "2024.12.12"]
[Round "9.1"]
[White "Benitez, Edgar"]
[Black "Chang, Luke"]
[Result "0-1"]
[WhiteElo "1862"]
[BlackElo "1930"]
[WhiteFideId "4301315"]
[BlackFideId "4325605"]
[PlyCount "0"]
[EventDate "2024.09.26"]
[SourceDate ""]

1. e4 c6 2. Nc3 d5 3. exd5 cxd5 4. d4 Nc6 5. Nf3 Bg4 6. Bb5 e6 7. h3 Bxf3 8.
Qxf3 Bd6 9. Be3 Nf6 10. O-O-O a6 11. Bd3 b5 12. g4 Qa5 13. Kb1 b4 14. Ne2 Qb6
15. Nc1 a5 16. Nb3 Nd7 17. Rhe1 a4 18. Nc5 Bxc5 19. dxc5 Qa5 20. Qf4 O-O 21.
Qd6 Nde5 22. Bg5 Rfd8 23. Bxd8 Rxd8 24. Qxe5 Nxe5 25. Rxe5 Qxc5 26. f4 a3 27.
c4 Qf2 28. Re2 Qxf4 29. Red2 g6 30. Bc2 Qxc4 31. Rd4 Qc5 32. Bb3 Rc8 33. bxa3
bxa3 34. R4d2 Qe3 35. h4 Qe4+ 0-1

[Event "Wellington Club Championship - B Grade"]
[Site "Wellington Chess Club"]
[Date "2024.12.12"]
[Round "9.2"]
[White "Malcolm, Aidan"]
[Black "Sethuramalingam, Karthik"]
[Result "1/2-1/2"]
[WhiteElo "1859"]
[BlackElo "1871"]
[WhiteFideId "4315073"]
[BlackFideId "4320964"]
[PlyCount "0"]
[EventDate "2024.09.26"]
[SourceDate ""]

1. e4 c5 2. b4 cxb4 3. a3 e6 4. d4 d5 5. e5 Nc6 6. axb4 Bxb4+ 7. c3 Bf8 8. Bd3
Nge7 9. h4 Qc7 10. Na3 Nxd4 11. Qa4+ Ndc6 12. Nf3 Ng6 13. Nb5 Qb8 14. Bxg6 hxg6
15. Ba3 Bd7 16. Bd6 Bxd6 17. Nxd6+ Kf8 18. Qf4 Be8 19. Ng5 Nd8 20. Rh3 Qc7 21.
Rf3 Qe7 22. Qd4 a6 23. c4 dxc4 24. Raa3 Kg8 25. Rf4 Nc6 26. Qe4 Rd8 27. Ngxf7
Bxf7 28. Rxf7 Qxh4 29. Rf4 Qg5 30. Re3 Nxe5 31. Nf7 Nxf7 32. Rxf7 Qa5+ 33. Ke2
Qd2+ 34. Kf3 Qd5 35. Qxd5 Rxd5 36. Rxb7 Rhh5 37. Rxe6 Rhf5+ 38. Kg3 Rf7 39.
Re8+ Rf8 40. Ree7 Rg5+ 41. Kh4 Rh5+ 42. Kg4 Rxf2 43. Rxg7+ Kh8 44. Rxg6 Rhf5
45. Rxa6 Rf8 46. Rh6+ { Game drawn by agreement.} 1/2-1/2

[Event "Wellington Club Championship - B Grade"]
[Site "Wellington Chess Club"]
[Date "2024.12.12"]
[Round "9.3"]
[White "Keith, Matthew"]
[Black "Ulm, Joy"]
[Result "1-0"]
[WhiteElo "1830"]
[BlackElo "1890"]
[WhiteFideId "4320913"]
[BlackFideId "4321081"]
[PlyCount "0"]
[EventDate "2024.09.26"]
[SourceDate ""]

1. d4 Nf6 2. c4 e6 3. Nf3 d5 4. g3 Be7 5. Bg2 c6 6. O-O O-O 7. Qc2 Nbd7 8. Nc3
b6 9. Rd1 Bb7 10. e4 dxc4 11. e5 Nd5 12. Ne4 b5 13. Neg5 g6 14. h4 Qe8 15. Qe4
c5 16. Qg4 h5 17. Qh3 cxd4 18. Nxd4 Bxg5 19. Bxg5 Nxe5 20. Bh6 Nd3 21. b3 e5
22. bxc4 bxc4 23. Ne2 e4 24. Bxf8 Kxf8 25. Rab1 Ba6 26. g4 hxg4 27. Qxg4 f5 28.
Qg3 Qe6 29. Rb8+ Rxb8 30. Qxb8+ Qc8 31. Qd6+ Ne7 32. Qf6+ Ke8 33. Qh8+ Kf7 34.
Qh7+ Kf6 35. Qh6 Qc5 36. Nd4 Kf7 37. Qh7+ Ke8 38. Qh8+ Kd7 39. Qf6 Qd6 40. Qg7
c3 41. Nc2 Qc5 42. Qf6 Qxf2+ 43. Kh2 Bc4 44. Qxc3 Qxh4+ 45. Kg1 Qf2+ 46. Kh2
Bxa2 47. Nb4 Nd5 48. Qc6+ Ke7 49. Nxd5+ Bxd5 50. Qxd5 Qc5 51. Qxc5+ Nxc5 52.
Kg3 Kf6 53. Rd6+ Kg5 54. Rd5 Nd3 55. Bxe4 Nf4 56. Ra5 Ne2+ 57. Kf2 Nf4 58. Bf3
Nd3+ 59. Ke3 Nf4 60. Rxa7 Nh5 61. Bxh5 Kxh5 62. Kf4 Kh6 63. Rb7 1-0

[Event "Wellington Club Championship - B Grade"]
[Site "Wellington Chess Club"]
[Date "2024.12.12"]
[Round "9.4"]
[White "Aldridge, Alan L"]
[Black "Tanoi, T Edward"]
[Result "1-0"]
[WhiteElo "1822"]
[BlackElo "1917"]
[WhiteFideId "4301528"]
[BlackFideId "4302087"]
[PlyCount "0"]
[EventDate "2024.09.26"]
[SourceDate ""]

1. e4 c5 2. Nf3 Nc6 3. Nc3 d6 4. h3 a6 5. a4 g6 6. Bc4 Bg7 7. O-O Nf6 8. Re1 e5
9. Nd5 Be6 10. c3 Bxd5 11. exd5 Ne7 12. d4 cxd4 13. cxd4 e4 14. Ng5 O-O 15.
Nxe4 Nexd5 16. Bxd5 Nxd5 17. Qb3 Nb6 18. Bg5 Qc7 19. Rac1 Qd7 20. Qxb6 Qxa4 21.
Bf6 Bh6 22. Rc7 d5 23. Nd6 Bd2 24. Nxf7 Rxf7 25. Rxf7 Qc6 26. Qxc6 bxc6 27.
Ree7 Bb4 28. Rg7+ Kf8 29. Rb7 1-0

[Event "Wellington Club Championship - B Grade"]
[Site "Wellington Chess Club"]
[Date "2024.12.12"]
[Round "9.5"]
[White "Winsley, Daniel"]
[Black "Jackson, L Ross"]
[Result "1/2-1/2"]
[WhiteElo "1781"]
[BlackElo "1942"]
[WhiteFideId "4315138"]
[BlackFideId "4301501"]
[PlyCount "0"]
[EventDate "2024.09.26"]
[SourceDate ""]

1. e4 c5 2. f4 d5 3. d3 dxe4 4. dxe4 Qxd1+ 5. Kxd1 Nc6 6. Nf3 Bg4 7. Bb5 O-O-O+
8. Nd2 Nd4 9. Be2 Nxe2 10. Kxe2 Nf6 11. h3 Bd7 12. Ne5 Be8 13. a4 Nd7 14. Ndc4
Nxe5 15. Nxe5 f6 16. Nf3 e6 17. Bd2 Bc6 18. e5 Be7 19. Bc3 Be4 20. Rac1 Rhf8
21. Ke3 Bc6 22. b3 Rd7 23. Rhd1 Rfd8 24. Rxd7 Rxd7 25. Re1 Bd8 26. Re2 Rf7 27.
Nd2 Bc7 28. Ne4 fxe5 1/2-1/2

[Event "Wellington Club Championship - Open Swiss"]
[Site "Wellington Chess Club"]
[Date "2024.09.26"]
[Round "1.1"]
[White "Wilkins, Mark"]
[Black "Lavender, Ariel J"]
[Result "0-1"]
[WhiteElo "1906"]
[BlackElo "1547"]
[WhiteFideId "4302389"]
[BlackFideId "0"]
[EventDate "2024.09.26"]
[SourceDate ""]

1. e4 c5 2. d4 cxd4 3. c3 Nf6 4. Bd3 dxc3 5. Nxc3 Nc6 6. Nf3 d6 7. O-O Bg4 8.
h3 Bh5 9. Re1 e6 10. Bb5 a6 11. Bxc6+ bxc6 12. Qa4 Qd7 13. g4 Bg6 14. e5 Nd5
15. Nxd5 cxd5 16. Qxd7+ Kxd7 17. Bf4 Be7 18. Rac1 Rhc8 19. h4 Be4 20. Nd2 dxe5
21. Bxe5 f6 22. Bc3 Bg6 23. h5 Bf7 24. Rcd1 e5 25. f4 d4 26. Ba5 Rc5 27. b4 Rb5
28. a4 Rd5 29. Nc4 Rb8 30. fxe5 Bxb4 31. Nb6+ Rxb6 32. Bxb6 Bxe1 33. Rxe1 fxe5
34. Rc1 Ke7 35. Rc7+ Rd7 36. Bc5+ Ke6 37. Rc8 Kd5 38. Bf8 g6 39. hxg6 Bxg6 40.
Rc5+ Ke4 41. Rc6 d3 42. Rc4+ Ke3 43. Bh6+ Ke2 44. Re4+ Bxe4 0-1